Giao thông vận tải Số 7

Nội dung: Tăng kết nối các phương thức giao thông vận tải tạo giá trị phát triển logistics. Cấp bách san sẻ "gánh nặng" cho vận tải đường bộ. Phát triển logistics đường sắt bắt đầu từ gỡ "nút thắt" hạ tầng. Logistics hàn...

Deskribapen osoa

Gorde:
Xehetasun bibliografikoak
Formatua: Liburua
Hizkuntza:Vietnamese
Argitaratua: H. Bộ giao thông vận tải 2020
Gaiak:
Etiketak: Etiketa erantsi
Etiketarik gabe, Izan zaitez lehena erregistro honi etiketa jartzen!
Thư viện lưu trữ: Thư viện Trường Đại học Nam Cần Thơ
LEADER 01251nam a22002297a 4500
001 NCT_108194
008 220304b xxu||||| |||| 00| 0 vie d
999 |c 5485  |d 5485 
022 |a 2354-0818 
041 0 |a vie 
082 0 4 |2 23rd ed.  |a 629  |b Gi108T 
245 0 0 |a Giao thông vận tải   |n Số 7  |c Cơ quan thông tin lý luận khoa học công nghệ của bộ giao thông vận tải 
260 |a H.  |b Bộ giao thông vận tải  |c 2020 
300 |c 28cm 
310 |a tháng 1 kỳ 
362 |a 7/2020 
520 3 |a Nội dung: Tăng kết nối các phương thức giao thông vận tải tạo giá trị phát triển logistics. Cấp bách san sẻ "gánh nặng" cho vận tải đường bộ. Phát triển logistics đường sắt bắt đầu từ gỡ "nút thắt" hạ tầng. Logistics hàng không: Xu thế phát triển trong thời kì 4.0..... 
653 |a Công nghệ kỹ thuật ô tô 
655 |a Tạp chí 
942 |2 ddc  |c CR 
952 |0 0  |1 0  |2 ddc  |4 0  |6 629_000000000000000_GI108T  |7 0  |9 22913  |a 000001  |b 000001  |d 2022-04-06  |o 629 Gi108T  |r 2022-04-06  |w 2022-04-06  |y CR 
980 |a Thư viện Trường Đại học Nam Cần Thơ